| 000 | 00976nas a2200301 4500 | ||
|---|---|---|---|
| 001 | BR2016003373 | ||
| 003 | BR-BrBNA | ||
| 005 | 20231205130514.0 | ||
| 007 | ta | ||
| 008 | 230509b bl.|||p| |||| 00| 00por d | ||
| 040 |
_aBR-BrBNA _bpor _cBiblioteca Nacional de Agricultura |
||
| 041 | _a(Pt) | ||
| 072 | _aF30; H10 | ||
| 100 | 1 | _aSchuhli, G.S. e | |
| 100 | 1 | _aPenteado, S. do R.C. | |
| 100 | 1 | _aKestring, D.R. | |
| 100 | 1 | _aSteil, G.J. | |
| 100 | 1 | _aThomas, M.C. | |
| 245 | 1 | _aIsolamento de DNA genômico de indivíduo de nematoide parasita de insetos: estudo de caso de Deladenus | |
| 650 | _aNEMATOIDE | ||
| 650 | _aVESPA-DA-MADEIRA | ||
| 650 | _aGENÓTIPO | ||
| 650 | _aEXTRAÇÃO | ||
| 773 | 0 |
_tPesquisa Florestal Brasileira (Brazil) _xISSN 1983-2605 _g(Oct-Dec 2012), v. 32(72) p. 483-487 _wBR2016003373 |
|
| 856 | 4 | 0 | _uhttp://pfb.cnpf.embrapa.br/pfb/index.php/pfb/article/view/396 |
| 909 |
_a202311 _bLúcia _c55 _dLúcia Elande |
||
| 942 |
_2AGRIS _n0 _cANA |
||
| 999 |
_c249809 _d249809 |
||